[Event "ROM-ch U10 Girls"]
[Site "Baile Felix"]
[Date "2017.02.06"]
[Round "6"]
[White "Lupau, Sonia"]
[Black "Grigor, Maria"]
[Result "0-1"]
[WhiteElo "1001"]
[BlackElo "1001"]
[PlyCount "52"]
[EventDate "2017.02.02"]
[EventType "swiss"]
[EventRounds "9"]
[EventCountry "ROU"]
[SourceTitle "CBM 176 Extra"]
[Source "ChessBase"]
[SourceDate "2017.03.02"]
[SourceVersion "1"]
[SourceVersionDate "2017.03.02"]
[SourceQuality "1"]

1. e4 e5 2. Bc4 Bc5 3. Nf3 Nf6 4. Nc3 Ng4 5. 0-0 Nxf2 6. Qe1 0-0 7. d4 Bd6 8. Rxf2 exd4 9. Nxd4 Qe8 10. Nf3 Nc6 11. Bd2 Be7 12. b3 d6 13. Qe2 d5 14. exd5 Bg4 15. Qd1 Bxf3 16. gxf3 b6 17. Be3 Bc5 18. Qb1 Bxe3 19. Qe1 Ne7 20. Qxe3 Nxd5 21. Bxd5 Qxe3 22. Bxa8 Re8 23. Bd5 Qe5 24. Rff1 Re6 25. Rad1 Rh6 26. Rde1 Qxh2# 0-1

[Event "ROM-ch U10 Girls"]
[Site "Baile Felix"]
[Date "2017.02.03"]
[Round "2"]
[White "Grigor, Maria"]
[Black "Pandelescu, Maria Catalina"]
[Result "0-1"]
[WhiteElo "1001"]
[BlackElo "1068"]
[PlyCount "78"]
[EventDate "2017.02.02"]
[EventType "swiss"]
[EventRounds "9"]
[EventCountry "ROU"]
[SourceTitle "CBM 176 Extra"]
[Source "ChessBase"]
[SourceDate "2017.03.02"]
[SourceVersion "1"]
[SourceVersionDate "2017.03.02"]
[SourceQuality "1"]

1. e4 c5 2. Bc4 d6 3. Nf3 g6 4. Ng5 e6 5. d3 Nf6 6. Nc3 Bg7 7. Bb5+ Bd7 8. Bc4 0-0 9. 0-0 Nc6 10. Qf3 a6 11. Qh3 h6 12. Nf3 b5 13. Bxh6 Nh5 14. Bxg7 Kxg7 15. d4 bxc4 16. e5 Qe7 17. Ne4 dxe5 18. Rae1 exd4 19. Nh4 e5 20. Qf3 f5 21. Nxf5+ Rxf5 22. Qg4 Rb8 23. Kh1 Rf4 24. Qe2 Bf5 25. g3 Rxe4 26. Qd2 Rxe1 27. Qxe1 Bxc2 28. f3 Rxb2 29. Qa1 Bd3 30. Re1 Rb7 31. g4 Nf4 32. Rg1 Qh4 33. Qe1 Qxe1 34. Rxe1 Rb1 35. Rg1 Rxg1+ 36. Kxg1 c3 37. Kf2 c2 38. h4 c1Q 39. Kg3 Qg1# 0-1

[Event "ROM-ch U08 Girls"]
[Site "Calimanesti"]
[Date "2014.04.06"]
[Round "1"]
[White "Fileru, Maria"]
[Black "Grigor, Maria"]
[Result "1-0"]
[WhiteElo "1122"]
[BlackElo "1001"]
[PlyCount "41"]
[EventDate "2014.04.06"]
[EventType "swiss"]
[EventRounds "9"]
[EventCountry "ROU"]
[SourceTitle "CBM 160 Extra"]
[Source "ChessBase"]
[SourceDate "2014.07.01"]
[SourceVersion "1"]
[SourceVersionDate "2014.07.01"]
[SourceQuality "1"]

1. d4 e5 2. dxe5 Nc6 3. Nf3 d5 4. exd6 cxd6 5. e4 Nf6 6. Nc3 Be7 7. Bc4 0-0 8. 0-0 h5 9. Bf4 Na5 10. Bd5 Rb8 11. Qd4 Qc7 12. e5 dxe5 13. Bxe5 Rd8 14. Bxc7 Nxd5 15. Nxd5 Ra8 16. Bxd8 Bxd8 17. Ne5 Bb6 18. Qf4 Bc7 19. Qxf7+ Kh7 20. Nf6+ Kh8 21. Qf8# 1-0